000 00404nam a22001337a 4500
020 _a9788120321687
040 _cNust
082 _a621.462
_bKRi
100 _aR. Krishnan
_9124891
245 _aElectric motor drives modeling, analysis, and control
260 _aNew Delhi:
_bPrentice Hall India,
_c2003.
650 _aElectric motor drives modeling, analysis, and control
_9124892
942 _2ddc
_cBK
999 _c610671
_d610671